00621cam a22001938i 4500999001900000001000900019005001700028008004100045020003000086040001200116082001500128100001800143245006000161260003600221300001600257650004100273942000700314952010600321 c119764d1197642044929920201109112653.0180413s2018 oru b 000 0 eng  a9781604698237 (hardcover) cPK-LaUT00a712bWAY-G1 aWay, Thaïsa10aGGN :blandscapes 1999-2018 /cwritten by Thaïsa Way. aPortland :bTimber Press,c2018 aunmarked p. 0aLandscaping industryzUnited States. cBK 00104070a01b01d2020-11-09l1o712 WAY-Gp135201r2021-11-26 00:00:00s2021-11-10w2020-11-09yBK